Politique Française en O - Statistiques

Statistiques générales
  • Ce quiz a été pris 128 fois
  • Le résultat moyen est 4 sur 10
Statistiques - réponses
Hint Réponse % Correct
Dénomination courante pour les territoires français éloignés de la France métropolitaine. Outre-mer
94%
Ancienne joueuse de tennis de haut niveau, elle a été ministre des Sports dans le cadre des Jeux Olympiques et Paralympiques de Paris 2024. Elle a également été ministre de l’éducation nationale de manière éphémère dans le gouvernement Attal, remplacée en raison d’affaires de conflits d’intérêt. Amélie Oudéa-Castéra
87%
Terme utilisé dans le vocabulaire parlementaire pour qualifier les groupes ne faisant pas partie de la majorité gouvernementale. Opposition
81%
Députée La France Insoumise depuis 2017 dans la 17ème circonscription de Paris, elle est régulièrement visée par des attaques racistes. Le journal Valeurs Actuelles l’a notamment représentée en esclave dans une fiction parue en 2017. Danielle Obono
58%
Interventions armées de la France en dehors de son territoire pour des raisons stratégiques, humanitaires ou de défense. Opération extérieure (OPEX)
41%
Ancien journaliste sportif, député Renaissance des Yvelines depuis 2022, il est condamné pour prise illégale d’intérêts en 2024, dans le cadre d’un montage juridique lorsqu’il était maire de Poissy. Karl Olive
26%
Association ayant pour objectif de dresser un état des lieux des inégalités en France. L’association est indépendante de toute organisation et est composée de scientifiques. Observatoire des inégalités
20%
Ensemble de convictions supposément partagées par une majorité d’une société donnée. Concept pourfendu par Pierre Bourdieu. Opinion publique
16%
Député européen depuis 2012, membre de La France Insoumise (LFI), il est aujourd’hui vice-président du Parlement Européen. Younous Omarjee
10%
Membre à tour de rôle d’EELV et de LREM, il a été député de la 1ère circonscription du Maine-et-Loire à partir de 2017. Candidat malheureux à la présidence de la Région Pays de la Loire, il se retire de la vie politique en 2022 suite aux révélations de l’affaire Nicolas Hulot, dont il est proche. Matthieu Orphelin
7%
Aucun quiz correspondant
Distribution des résultats
% des personnes avec chaque résultat
Percentile par nombre de réponses
Votre historique - résultats
Vous n’avez pas pris ce quiz